[Event "Hammersmith CC op U2000"]
[Site "London"]
[Date "2022.06.05"]
[Round "4"]
[White "Carter, John"]
[Black "Chandrasekaran, Rahulan"]
[Result "1-0"]
[WhiteElo "1725"]
[BlackElo "1555"]
[PlyCount "63"]
[EventDate "2022.06.04"]
[EventType "swiss"]
[EventRounds "5"]
[EventCountry "ENG"]
[SourceTitle "CBM 208 Extra"]
[Source "ChessBase"]
[SourceDate "2022.07.31"]
[SourceVersion "1"]
[SourceVersionDate "2022.07.31"]
[SourceQuality "1"]

1. d4 d5 2. c4 c6 3. Nf3 Nf6 4. Nc3 e6 5. e3 Nbd7 6. Bd3 dxc4 7. Bxc4 b5 8. Bd3 Bb7 9. 0-0 a6 10. e4 e5 11. dxe5 Ng4 12. e6 fxe6 13. h3 Ngf6 14. e5 Nd5 15. Nxd5 cxd5 16. Ng5 g6 17. Nxe6 Qb6 18. Nxf8 Nxf8 19. Be3 d4 20. Bxd4 Qc6 21. f3 Ne6 22. Be4 Qd7 23. Bxb7 Qxb7 24. Be3 0-0 25. Qb3 Rfe8 26. Rad1 Kh8 27. Rd6 Nf8 28. e6 Qe7 29. Bd4+ Kg8 30. Rd7 Nxd7 31. exd7+ Qf7 32. dxe8Q+ 1-0

[Event "Hammersmith CC op U2000"]
[Site "London"]
[Date "2022.06.05"]
[Round "5"]
[White "Chandrasekaran, Rahulan"]
[Black "Sloan, Cecil"]
[Result "0-1"]
[WhiteElo "1555"]
[BlackElo "1683"]
[PlyCount "108"]
[EventDate "2022.06.04"]
[EventType "swiss"]
[EventRounds "5"]
[EventCountry "ENG"]
[SourceTitle "CBM 208 Extra"]
[Source "ChessBase"]
[SourceDate "2022.07.31"]
[SourceVersion "1"]
[SourceVersionDate "2022.07.31"]
[SourceQuality "1"]

1. d4 Nf6 2. Nf3 e6 3. g3 b5 4. Bg2 Bb7 5. 0-0 Be7 6. Bg5 0-0 7. Nbd2 d6 8. c4 a6 9. Re1 Nbd7 10. e4 e5 11. d5 Nc5 12. Qc2 Nfd7 13. Be3 c6 14. b4 Na4 15. cxb5 cxb5 16. Rac1 Rc8 17. Qd3 Ndb6 18. Bxb6 Qxb6 19. Bh3 Rxc1 20. Rxc1 Qa7 21. Nb3 Nb2 22. Qc2 Nc4 23. Nfd2 Bc8 24. Bf1 Nxd2 25. Nxd2 Bb7 26. Nb3 Bg5 27. Rd1 Rc8 28. Qd3 Qb8 29. Nd2 Bxd2 30. Qxd2 Qc7 31. Bh3 Rd8 32. Rc1 Qe7 33. Qc3 Qg5 34. Qc7 Rf8 35. Rc2 Qh5 36. Bf1 Qd1 37. Rc1 Qd2 38. a3 g6 39. Qc2 Qg5 40. h4 Qe7 41. Bh3 Qd8 42. Qc7 Ba8 43. Qxd8 Rxd8 44. Rc8 Rf8 45. Rxf8+ Kxf8 46. Bc8 f5 47. f3 fxe4 48. fxe4 Ke7 49. Bxa6 Kd7 50. Bxb5+ Kc7 51. Kf2 Kb6 52. a4 Bb7 53. Be8 Bc8 54. Ke3 Bg4 0-1

[Event "Hammersmith CC op U2000"]
[Site "London"]
[Date "2022.06.04"]
[Round "2"]
[White "Chandrasekaran, Rahulan"]
[Black "Han, Qixiang"]
[Result "1-0"]
[WhiteElo "1555"]
[BlackElo "1347"]
[PlyCount "95"]
[EventDate "2022.06.04"]
[EventType "swiss"]
[EventRounds "5"]
[EventCountry "ENG"]
[SourceTitle "CBM 208 Extra"]
[Source "ChessBase"]
[SourceDate "2022.07.31"]
[SourceVersion "1"]
[SourceVersionDate "2022.07.31"]
[SourceQuality "1"]

1. d4 Nf6 2. Nf3 g6 3. g3 d5 4. Bg2 Bg7 5. 0-0 0-0 6. c4 c6 7. b3 Nbd7 8. Bb2 Ne4 9. Nc3 Ndf6 10. cxd5 Nxc3 11. Bxc3 Nxd5 12. Bb2 Nf6 13. Re1 Be6 14. e4 Qd7 15. Ng5 Rad8 16. Nxe6 Qxe6 17. e5 Nd5 18. a3 Nc7 19. Qc2 Nb5 20. Rad1 Qc8 21. a4 Nc7 22. Qc5 e6 23. Qxa7 Rd7 24. Ba3 Rfd8 25. Bd6 Ne8 26. Bc5 Qb8 27. Qb6 Qa8 28. Qb4 Bh8 29. Be7 Rc8 30. Bg5 Ng7 31. h3 Nf5 32. g4 Ng7 33. Qd2 c5 34. Qf4 cxd4 35. Rxd4 Rxd4 36. Qxd4 h5 37. Qd7 Rb8 38. Rc1 hxg4 39. Rc7 gxh3 40. Qxf7+ Kh7 41. Be4 h2+ 42. Kh1 b6 43. Bxa8 Rxa8 44. Qf3 Ra5 45. Qh3+ Kg8 46. Rc8+ Kf7 47. Qxh8 Rxe5 48. Qf8# 1-0

[Event "London Classic op U1600 11th"]
[Site "London"]
[Date "2019.12.01"]
[Round "4"]
[White "Harandi, Kamran"]
[Black "Chandrasekaran, Rahulan"]
[Result "1/2-1/2"]
[WhiteElo "1166"]
[BlackElo "1480"]
[PlyCount "92"]
[EventDate "2019.11.29"]
[EventType "swiss"]
[EventRounds "5"]
[EventCountry "ENG"]
[SourceTitle "CBM 195 Extra"]
[Source "ChessBase"]
[SourceDate "2020.05.31"]
[SourceVersion "1"]
[SourceVersionDate "2020.05.31"]
[SourceQuality "1"]

1. e4 c5 2. Nf3 d6 3. d4 cxd4 4. Nxd4 Nf6 5. f3 a6 6. c4 e5 7. Nb3 Be7 8. Nc3 0-0 9. Be3 Be6 10. Nd5 Nxd5 11. cxd5 Bd7 12. Be2 Bh4+ 13. g3 Bg5 14. Qd2 Bxe3 15. Qxe3 a5 16. 0-0 b5 17. f4 f6 18. f5 Na6 19. Rac1 a4 20. Nd2 Nc5 21. Nf3 Qa5 22. Rb1 Rfc8 23. Rfc1 b4 24. Nd2 Bb5 25. Bxb5 Qxb5 26. Nc4 Ra6 27. Kf2 b3 28. a3 Qb8 29. Rc3 Qa7 30. Kf3 Qf7 31. Nxd6 Rxd6 32. Rxc5 Rcd8 33. Rbc1 Qe8 34. Rc6 Rxc6 35. dxc6 Rc8 36. c7 Qd7 37. Qc3 Kf7 38. Qc4+ Ke7 39. Qb4+ Kf7 40. Rc4 Rxc7 41. Rxc7 Qxc7 42. Qxa4 Qc2 43. Qd7+ Kf8 44. Qd6+ Kf7 45. Qe6+ Kf8 46. Qd6+ Kf7 1/2-1/2